Vanuatu : 2002 Article IV Consultation-Staff Report; Staff Statement; Public Information Notice on the Executive Board Discussion; and Statement by the Executive Director for Vanuatu.

This 2002 Article IV Consultation highlights that despite frequent shocks and an uncertain policy environment in Vanuatu, macroeconomic stability has been maintained. Real GDP growth was 2 1\2 percent in 2000 owing to an agriculture-led recovery. However, the economy contracted by 2 percent in 2001,...

ver descrição completa

Detalhes bibliográficos
Autor Corporativo: International Monetary Fund
Formato: Periódico
Idioma:English
Publicado em: Washington, D.C. : International Monetary Fund, 2002.
Colecção:IMF Staff Country Reports; Country Report ; No. 2002/265
Acesso em linha:Full text available on IMF
LEADER 01752cas a2200241 a 4500
001 AALejournalIMF008352
008 230101c9999 xx r poo 0 0eng d
020 |c 5.00 USD 
020 |z 9781451840490 
022 |a 1934-7685 
040 |a BD-DhAAL  |c BD-DhAAL 
110 2 |a International Monetary Fund. 
245 1 0 |a Vanuatu :   |b 2002 Article IV Consultation-Staff Report; Staff Statement; Public Information Notice on the Executive Board Discussion; and Statement by the Executive Director for Vanuatu. 
264 1 |a Washington, D.C. :  |b International Monetary Fund,  |c 2002. 
300 |a 1 online resource (50 pages) 
490 1 |a IMF Staff Country Reports 
500 |a <strong>Off-Campus Access:</strong> No User ID or Password Required 
500 |a <strong>On-Campus Access:</strong> No User ID or Password Required 
506 |a Electronic access restricted to authorized BRAC University faculty, staff and students 
520 3 |a This 2002 Article IV Consultation highlights that despite frequent shocks and an uncertain policy environment in Vanuatu, macroeconomic stability has been maintained. Real GDP growth was 2 1\2 percent in 2000 owing to an agriculture-led recovery. However, the economy contracted by 2 percent in 2001, owing to the effects of several major cyclones and a global downturn in agriculture and tourism. Inflation remained subdued, increasing from 2 1\2 percent in 2000 to 3 3/4 percent in 2001. The current account surplus declined from 2 percent of GDP in 2000 to 3/4 percent in 2001. 
538 |a Mode of access: Internet 
830 0 |a IMF Staff Country Reports; Country Report ;  |v No. 2002/265 
856 4 0 |z Full text available on IMF  |u http://elibrary.imf.org/view/journals/002/2002/265/002.2002.issue-265-en.xml  |z IMF e-Library